Nigerian journal of mathematics and application: the journal of Kwara State Branch of the Mathematical Association of Nigeria. (Record no. 38550)
[ view plain ]
| 000 -LEADER | |
|---|---|
| fixed length control field | 00572nam a2200169Ia 4500 |
| 022 ## - INTERNATIONAL STANDARD SERIAL NUMBER | |
| ISSN | 07952767 |
| 050 ## - CALL MARK | |
| Classification number | QA 1 .N522/ |
| 245 #0 - TITLE STATEMENT | |
| Title | Nigerian journal of mathematics and application: the journal of Kwara State Branch of the Mathematical Association of Nigeria. |
| 260 ## - PUBLICATION, DISTRIBUTION, ETC. (IMPRINT) | |
| Place of publication | Kwara |
| 260 ## - PUBLICATION, DISTRIBUTION, ETC. (IMPRINT) | |
| Name of publisher | Nigerian Journal of Mathematics and Applications |
| 260 ## - PUBLICATION, DISTRIBUTION, ETC. (IMPRINT) | |
| Year of publication | 2012 |
| 300 ## - PHYSICAL DESCRIPTION | |
| Number of Pages | v. : ill. ; 29 cm. |
| 650 ## - SUBJECT ADDED ENTRY--TOPICAL TERM | |
| Topical Term | Mathematics--Periodicals. Applied mathematics--Periodicals. |
| 942 ## - ADDED ENTRY ELEMENTS (KOHA) | |
| Koha item type | Serials |
No items available.